Handbook of Alternative Fuel Technologies / (Record no. 11445)
[ view plain ]
| 000 -LEADER | |
|---|---|
| fixed length control field | 02101cam a2200385 a 4500 |
| 001 - CONTROL NUMBER | |
| control field | 14470375 |
| 005 - DATE AND TIME OF LATEST TRANSACTION | |
| control field | 20071002102205.0 |
| 008 - FIXED-LENGTH DATA ELEMENTS--GENERAL INFORMATION | |
| fixed length control field | 060727s2007 flua bf 001 0 eng |
| 010 ## - LIBRARY OF CONGRESS CONTROL NUMBER | |
| LC control number | 2006024771 |
| 015 ## - NATIONAL BIBLIOGRAPHY NUMBER | |
| National bibliography number | GBA692316 |
| Source | bnb |
| 016 7# - NATIONAL BIBLIOGRAPHIC AGENCY CONTROL NUMBER | |
| Record control number | 013590100 |
| Source | Uk |
| 020 ## - INTERNATIONAL STANDARD BOOK NUMBER | |
| International Standard Book Number | 9780824740696 (alk. paper) |
| 020 ## - INTERNATIONAL STANDARD BOOK NUMBER | |
| International Standard Book Number | 0824740696 (alk. paper) |
| 035 ## - SYSTEM CONTROL NUMBER | |
| System control number | (OCoLC)ocm70884931 |
| 035 ## - SYSTEM CONTROL NUMBER | |
| System control number | (OCoLC)70884931 |
| 040 ## - CATALOGING SOURCE | |
| Original cataloging agency | DLC |
| Transcribing agency | DLC |
| Modifying agency | BAKER |
| -- | UKM |
| -- | C#P |
| -- | BTCTA |
| -- | YDXCP |
| -- | DLC |
| 050 00 - LIBRARY OF CONGRESS CALL NUMBER | |
| Classification number | TP318 |
| Item number | .L388 2007 |
| 082 00 - DEWEY DECIMAL CLASSIFICATION NUMBER | |
| Classification number | 662.6 |
| Edition number | 22 |
| Item number | LEE |
| 100 1# - MAIN ENTRY--PERSONAL NAME | |
| Personal name | Lee, Sunggyu. |
| 9 (RLIN) | 4378 |
| 245 10 - TITLE STATEMENT | |
| Title | Handbook of Alternative Fuel Technologies / |
| Statement of responsibility, etc | Sunggyu Lee, James G. Speight, Sudarshan K. Loyalka. |
| 260 ## - PUBLICATION, DISTRIBUTION, ETC. (IMPRINT) | |
| Place of publication, distribution, etc | Boca Raton : |
| Name of publisher, distributor, etc | CRC Press, |
| Date of publication, distribution, etc | c2007. |
| 300 ## - PHYSICAL DESCRIPTION | |
| Extent | 552 p. : |
| Other physical details | ill. ; |
| Dimensions | 25 cm. |
| 504 ## - BIBLIOGRAPHY, ETC. NOTE | |
| Bibliography, etc | Includes bibliographical references and index. |
| 505 0# - FORMATTED CONTENTS NOTE | |
| Formatted contents note | Global energy overview -- Gasification of coal -- Clean liquid fuels from coal -- Coal slurry fuel -- Liquid fuels from natural gas -- Resids -- Liquid fuels from oil sand -- Shale oil from oil shale -- Methanol synthesis from syngas -- Ethanol from corn -- Ethanol from lignocellulosics -- Energy from biomass conversion -- Energy generation from waste sources -- Geothermal energy -- Nuclear energy -- Fuel cells. |
| 650 #0 - SUBJECT ADDED ENTRY--TOPICAL TERM | |
| Topical term or geographic name as entry element | Fuel |
| Form subdivision | Handbooks, manuals, etc. |
| 9 (RLIN) | 4379 |
| 650 #0 - SUBJECT ADDED ENTRY--TOPICAL TERM | |
| Topical term or geographic name as entry element | Fuel switching |
| Form subdivision | Handbooks, manuals, etc. |
| 9 (RLIN) | 4380 |
| 650 #0 - SUBJECT ADDED ENTRY--TOPICAL TERM | |
| Topical term or geographic name as entry element | Power resources |
| Form subdivision | Handbooks, manuals, etc. |
| 9 (RLIN) | 4381 |
| 700 1# - ADDED ENTRY--PERSONAL NAME | |
| Personal name | Speight, James G. |
| 9 (RLIN) | 4382 |
| 700 1# - ADDED ENTRY--PERSONAL NAME | |
| Personal name | Loyalka, Sudarshan K. |
| 9 (RLIN) | 4383 |
| 856 41 - ELECTRONIC LOCATION AND ACCESS | |
| Materials specified | Table of contents only |
| Uniform Resource Identifier | <a href="http://www.loc.gov/catdir/toc/ecip0618/2006024771.html">http://www.loc.gov/catdir/toc/ecip0618/2006024771.html</a> |
| 856 42 - ELECTRONIC LOCATION AND ACCESS | |
| Materials specified | Publisher description |
| Uniform Resource Identifier | <a href="http://www.loc.gov/catdir/enhancements/fy0729/2006024771-d.html">http://www.loc.gov/catdir/enhancements/fy0729/2006024771-d.html</a> |
| 942 ## - ADDED ENTRY ELEMENTS (KOHA) | |
| Source of classification or shelving scheme | Dewey Decimal Classification |
| Item type | Book - Borrowing |
| Withdrawn status | Item status | Source of classification or shelving scheme | Damaged status | Not for loan | Vendor | Home library | Current library | Shelving location | Date acquired | Source of acquisition | Cost, normal purchase price | Serial Enumeration / chronology | Total Checkouts | Full call number | Barcode | Date last seen | Date last borrowed | Koha item type |
|---|---|---|---|---|---|---|---|---|---|---|---|---|---|---|---|---|---|---|
| Dewey Decimal Classification | Central Library | Central Library | First floor | 27/04/2009 | 1235.00 | 955 | 1 | 662.6 LEE | 000016013 | 15/07/2025 | 19/08/2009 | NB - Book (Non borrowing) |